Cesta k angažovanosti

Bibliographic Details
Main Author: Bakoš, Oliver, 1953- (Author)
Format: Article
Language:Slovak
PhysicalDescription:Obr. 2.
Subjects:

MARC

LEADER 00000nab a2200000 a 4500
001 vtls000069260
003 SK-MaSNL
005 20260304071730.0
008 250422c1980 xo 0 slo
015 |a SNBRB19rr/mm-uuuuu 
035 |a CL0079360 
035 |a urn:nbn:sk:snk-ab1ws 
035 |a (urnnbn)urn:nbn:sk:snk:ar-0056x0 
035 |a (uuid)2f8d6ee3-f0a2-4a5d-a325-21f47501fb14 
040 |a SNKBUCL  |b slo  |c SNKBUCL  |e AACR2 
041 0 |a slo 
044 |a xo  |c SK 
080 |a 75  |2 1981 
080 |a 92 Paľo, Ján  |2 1981 
100 1 |a Bakoš, Oliver,  |d 1953-  |4 aut  |9 102432 
245 1 0 |a Cesta k angažovanosti  |c Oliver Bakoš 
300 |b Obr. 2. 
600 1 7 |a Paľo, Ján,  |d 1924-1993  |2 snkbucl  |9 193330 
655 7 |a články z novín a časopisov  |2 snkbucl  |9 267496 
773 0 |t Výtvarný život  |g Roč. 25, č. 9 (1980), s. 18-19 
850 |a Slovenská národná knižnica 
852 |a Slovenská národná knižnica 
954 |a odborná, vedecká literatúra pôvodná (slovenská)  |2 lita 
958 |a article27 
958 |a RK 
958 |a OND 
958 |a EUIPO 
992 |a RBX 
999 |c 2761813  |d 2763743